000 00413nam a2200157Ia 4500
003 LK-CoDNM
008 010623t xxu||||| |||| 00| 1 sin d
040 _aLK-CoDNM
_dLK-CoDNM
_eLK-CoDNM
041 _asin
080 _a294.3 JAY
100 _aJayasuriya,L.
245 _aපුරවැසි හැමට බුදුදහම
246 _aPurawesi Hemata Budu Dahama
300 _b140p., 21 cm
942 _cBK
999 _c139384
_d139384